书目信息 |
| 题名: |
什么是影响
|
|
| 作者: | 鲁斯唐 著 ;陈卉 译 | |
| 分册: | ||
| 出版信息: | 上海 华东师范大学出版社 2016 |
|
| 页数: | 249页 | |
| 开本: | 19cm | |
| 丛书名: | “轻与重”文丛 | |
| 单 册: | ||
| 中图分类: | B841.4 | |
| 科图分类: | ||
| 主题词: | 催眠术--cui mian shu--研究 | |
| 电子资源: | ||
| ISBN: | 978-7-5675-5002-5 | |
| 000 | 01110nam0 22002891 450 | |
| 001 | 1759777926 | |
| 005 | 20170603153346.0 | |
| 010 | @a978-7-5675-5002-5@b精装@dCNY45.00 | |
| 100 | @a20160823d2016 em y0chiy50 ea | |
| 101 | 1 | @achi@cfre |
| 102 | @aCN@b310000 | |
| 105 | @ay z 000yy | |
| 106 | @ar | |
| 200 | 1 | @a什么是影响@Ashen me shi ying xiang@dInfluence@e一位法国催眠师的疗愈论@f(法)弗朗索瓦·鲁斯唐(Francois Roustang)著@g陈卉译@zeng |
| 210 | @a上海@c华东师范大学出版社@d2016 | |
| 215 | @a249页@d19cm | |
| 225 | 2 | @a“轻与重”文丛@Aqing yu chong wen cong@v35@f姜丹丹,何乏笔主编 |
| 330 | @a本书包括心理分析的天真、艾瑞克森的操纵、身体的觉醒、生命不是镜像、自由的链接、相互的改变等内容。 | |
| 461 | 0 | @12001 @a“轻与重”文丛 |
| 510 | 1 | @aInfluence@zeng |
| 517 | 1 | @a一位法国催眠师的疗愈论@Ayi wei fa guo cui mian shi de liao yu lun |
| 606 | 0 | @a催眠术@Acui mian shu@x研究 |
| 690 | @aB841.4@v5 | |
| 701 | 0 | @c(法)@a鲁斯唐@Alu si tang@c(Roustang, Francois@f1923~)@4著 |
| 702 | 0 | @a陈卉@Achen hui@f(1981~)@4译 |
| 801 | 0 | @aCN@bTANGWEI@c20170517 |
| 905 | @b1007508-13@dB841.4@e1804@f6 | |
| 什么是影响=Influence:一位法国催眠师的疗愈论/(法)弗朗索瓦·鲁斯唐(Francois Roustang)著/陈卉译.-上海:华东师范大学出版社,2016 |
| 249页;19cm.-(“轻与重”文丛;35/姜丹丹,何乏笔主编) |
| ISBN 978-7-5675-5002-5(精装):CNY45.00 |
| 本书包括心理分析的天真、艾瑞克森的操纵、身体的觉醒、生命不是镜像、自由的链接、相互的改变等内容。 |
| ● |
| 相关链接 |
|
|
|
|
正题名:什么是影响
索取号:B841.4/1804
 
预约/预借
| 序号 | 登录号 | 条形码 | 馆藏地/架位号 | 状态 | 备注 |
| 1 | 1007508 | 210075087 | 第一样本阅览室/ [索取号:B841.4/1804] | 在馆 | |
| 2 | 1007509 | 210075096 | 教育系资料室/ [索取号:B841.4/1804] | 在馆 | |
| 3 | 1007510 | 210075103 | 教育系资料室/ [索取号:B841.4/1804] | 在馆 | |
| 4 | 1007511 | 210075112 | 教育系资料室/ [索取号:B841.4/1804] | 在馆 | |
| 5 | 1007512 | 210075121 | 第一借阅区/ [索取号:B841.4/1804] | 在馆 | |
| 6 | 1007513 | 210075130 | 第一借阅区/ [索取号:B841.4/1804] | 在馆 |